000 00675nam a2200253 a 4500
001 nice12345678
003 IN_TiNIC
005 20260116013259.0
008 050524s2000 dela grp 000 0 eng
020 _a817214X
_c95
082 0 0 _a261.2
_bKUR
100 _aKuruvilla, Fr Philip
245 _aIdentity and Integration of the Orthodox Church in India
_b Diaspora Youth-
260 _aDelhi
_bISPCK
_c2000
300 _a141p
500 _aincludes index and biblioraphy
505 2 _aBibliography, Appendix
650 _aPluralism
650 _aChristian-Youth
700 1 _aKuruvilla, Fr Philip
902 _bSRS
942 _cBK
999 _c10383
_d10383